| 000 | 00963nam a2200253 a 4500 | ||
|---|---|---|---|
| 003 | CBULib | ||
| 005 | 20240424094253.0 | ||
| 008 | 060721s2005 ||||||||||||||||| || u | ||
| 020 | _a9211126800 | ||
| 040 |
_aLC _bCBUlib _cCBUlib _dCBUlib _erda |
||
| 050 | _aUNCTAD(08)CSFDID | ||
| 110 | _aUnited Nations Conference on Trade and Development (UNCTAD) | ||
| 245 | 1 | 0 |
_aTNCs and the removal of textiles and clothing quotas _c/by United Nations Conference on Trade and Development (UNCTAD) |
| 260 |
_aNew York: _bUnited Nations Conference on Trade and Development (UNCTAD) _c2005 |
||
| 300 | _aviii, 70 Pages.: illustrations | ||
| 350 | _a0.00 | ||
| 500 | _aUNCTAD current studies on FDI and development no 1 | ||
| 650 | _aTEXTILE AND APPAREL INDUSTRY | ||
| 650 | 0 |
_aTNCS _92903 |
|
| 650 | 0 |
_aCLOTHING QUOTAS _92905 |
|
| 650 | _aCLOTHING TRADE | ||
| 942 |
_2lcc _c029 _n0 |
||
| 999 |
_c59936 _d59936 |
||